Tributacin̤, fraude y blanqueo de capitales Entre la prevencin̤ y la represin̤ /

Detalles Bibliográficos
Autor principal: Sǹchez Huete, Miguel ℓngel
Formato: eBook
Lenguaje:español
Publicado: Madrid: Marcial Pons, 2019
Materias:
Acceso en línea:Acceso restringido

MARC

LEADER 00000nam a22000007a 4500
005 20211004220252.0
007 cr|||| ||||
008 211004s2019 es |||||s|||| 00||0 spa d
020 |a 978-84-1381-183-3 
035 |a 33620 
040 |a vLex 
090 |c 12485  |d 12485 
100 1 |a Sǹchez Huete, Miguel ℓngel 
245 1 0 |a Tributacin̤, fraude y blanqueo de capitales  |h [Recurso electrn̤ico] :  |b Entre la prevencin̤ y la represin̤ /  |c Miguel ℓngel Sǹchez Huete 
256 |a Servicio en ln̕ea 
260 |a Madrid:  |b Marcial Pons,  |c 2019 
300 |a 1 recurso electrn̤ico 
500 |a La expansin̤ del fenm̤eno de represin̤ y prevencin̤ del blanqueo de capitales, evidenciada tanto por la tipificacin̤ delictiva como por la actuacin̤ administrativa, origina notables interferencias con el m̀bito tributario. Por ello, se hace necesario un estudio detallado de tales implicaciones, pues, las ms̀ de las veces, se han puesto de relieve las convergencias del delito fiscal con el de blanqueo obviando la de las normas administrativas de prevencin̤. Dicha tarea exige analizar especf̕icamente la regulacin̤ de la norma tributaria y la administrativa de prevencin̤ del blanqueo, sin olvidar, o teniendo muy presente, la dimensin̤ represiva que supone la tipificacin̤ penal. Concurren as ̕normas, procedimientos, r̤ganos y naturalezas que no siempre aparecen claramente escindidos, pero que precisan de un entendimiento conjunto. 
506 1 |a Disponible solo en los productos indicados  |d vLex Global  |d vLex Global (Academic Edition, excluding Law Schools)  |d vLex Global (U.S. Academic Edition, Law Schools)  |d vLex Global (U.S. Academic Edition, excluding Law Schools)  |d vLex Global (Academic Edition, Law Schools) 
650 0 4 |a Derecho Tributario  |z Espaą 
650 0 4 |a Financiero  |z Espaą 
740 0 |a vLex Libros (Servicio en ln̕ea) 
856 4 0 |u https://app.vlex.com/#/sources/33620  |z Acceso restringido 
942 |c BOOK 
999 0 |a Tax Law 
999 0 |a Financial